| 000 | 00992nam0a22002771 4500 | ||
|---|---|---|---|
| 001 | v19\rc\1498105 | ||
| 005 | 20250618161434.0 | ||
| 035 | _a(NLR Aleph) 004625974 | ||
| 090 |
_a3103056 _c3103056 |
||
| 100 | _a20060620d1882 |||y0rusy50 ca | ||
| 101 | 0 | _arus | |
| 102 | _aRU | ||
| 105 | _ay z ||||| | ||
| 200 | 1 | _aЖизнь и страдания святой великомученицы Варвары | |
| 205 | _a11-е изд. | ||
| 210 |
_aМосква _cА.А. Абрамов _d1882 |
||
| 215 |
_a72 с. _d17 |
||
| 300 | _aЗагл. обл.: Житие и страдание святыя великомученицы Варвары | ||
| 512 | 0 | _aЖитие и страдание святыя великомученицы Варвары | |
| 702 | 0 |
_aВарвара _cсв. мученица _f-не позднее 306 _4570 |
|
| 801 | 0 |
_aRU _bNLR _gpsbo |
|
| 801 | 0 |
_aRU _bRuMoRGB _2psbo |
|
| 801 | 1 |
_aRU _bProSoft-M _2rusmarc |
|
| 852 |
_aNLR _j18.242.6.65 |
||
| 942 | _cBOOK | ||
| 980 | _aNB | ||